| 000 | 00517nam a2200205 i 4500 | ||
|---|---|---|---|
| 001 | bg | ||
| 100 | 1 | _aMORAWSKI, Lech | |
| 245 | 1 | 0 |
_aWstęp do prawoznawstwa / _cLech Morawski. |
| 260 |
_aToruń : _b"Dom Organizatora", _c1996. |
||
| 300 |
_a188 s. ; _c21 cm. |
||
| 650 | 9 |
_aPrawo _xteoria |
|
| 655 | _aPodręczniki akademickie | ||
| 020 | _a8386850183 | ||
| 040 | _cBPK | ||
| 041 | 0 | _apl | |
| 080 | _a34+340.1](075.8) | ||
| 920 | _a83-86850-18-3 | ||
| 942 | _cKS | ||
| 008 | s pl f |000 0 pol | ||
| 999 |
_c30925 _d30925 |
||
| 856 |
_uhttp://koha.tu.koszalin.pl/cgi-bin/koha/opac-detail.pl?biblionumber=30925 _yKatalog online BPK |
||